000 00485 a2200181 4500
001 130159
022 _a1679-656X
040 _cLeonardo Da Vinci
041 _aPortuguês
082 _aOCU 2010
_b2010
245 _aO Correio da Unesco 25
260 _bFGV
_cFev. 1997
_aRio de Janeiro
300 _a42
362 _a20100512
490 _aO Correio da Unesco
_v25
697 _aEntrevista
_aRomper com o Espírito do Tempo
_aPinturas
_aDança
_aTeatro
_aMurais
_aGhemat
942 _cCR
999 _c130159
_d130159